Energy management in Africa / (Record no. 9003)
[ view plain ]
| 000 -LEADER | |
|---|---|
| fixed length control field | 01151cam a2200301 a 4500 |
| 001 - CONTROL NUMBER | |
| control field | 2515215 |
| 003 - CONTROL NUMBER IDENTIFIER | |
| control field | OSt |
| 005 - DATE AND TIME OF LATEST TRANSACTION | |
| control field | 20240628104109.0 |
| 008 - FIXED-LENGTH DATA ELEMENTS--GENERAL INFORMATION | |
| fixed length control field | 920828s1992 enka b 001 0 eng |
| 010 ## - LIBRARY OF CONGRESS CONTROL NUMBER | |
| LC control number | 92207561 |
| 020 ## - INTERNATIONAL STANDARD BOOK NUMBER | |
| International Standard Book Number | 1856490513 |
| 040 ## - CATALOGING SOURCE | |
| Transcribing agency | must |
| 043 ## - GEOGRAPHIC AREA CODE | |
| Geographic area code | f------ |
| 082 ## - DEWEY DECIMAL CLASSIFICATION NUMBER | |
| Classification number | 333.79096 ENE 1992 |
| 245 00 - TITLE STATEMENT | |
| Title | Energy management in Africa / |
| Statement of responsibility, etc. | J. Baguant ... [et al.] ; edited and introduced by M.R. Bhagavan and S. Karakezi. |
| 260 ## - PUBLICATION, DISTRIBUTION, ETC. (IMPRINT) | |
| Place of publication, distribution, etc. | London ; |
| -- | Atlantic Highlands, New Jersey : |
| Name of publisher, distributor, etc. | Zed Books, |
| Date of publication, distribution, etc. | c1992. |
| 300 ## - PHYSICAL DESCRIPTION | |
| Extent | xii, 180 p. : |
| Other physical details | ill. ; |
| Dimensions | 23 cm. |
| 500 ## - GENERAL NOTE | |
| General note | Published in association with African Energy Policy Research Network, Gaborone. |
| 504 ## - BIBLIOGRAPHY, ETC. NOTE | |
| Bibliography, etc | Includes bibliographical references and index. |
| 650 #0 - SUBJECT ADDED ENTRY--TOPICAL TERM | |
| Topical term or geographic name as entry element | Energy policy |
| Geographic subdivision | Africa |
| General subdivision | Case studies. |
| 9 (RLIN) | 18281 |
| 700 1# - ADDED ENTRY--PERSONAL NAME | |
| Personal name | Baguant, J. |
| 9 (RLIN) | 18282 |
| 700 1# - ADDED ENTRY--PERSONAL NAME | |
| Personal name | Bhagavan, M. R., |
| Dates associated with a name | 1934- |
| 9 (RLIN) | 18283 |
| 700 1# - ADDED ENTRY--PERSONAL NAME | |
| Personal name | Karekezi, Stephen. |
| 9 (RLIN) | 18284 |
| 710 2# - ADDED ENTRY--CORPORATE NAME | |
| Corporate name or jurisdiction name as entry element | African Energy Policy Research Network. |
| 9 (RLIN) | 18285 |
| 906 ## - LOCAL DATA ELEMENT F, LDF (RLIN) | |
| a | 7 |
| b | cbc |
| c | orignew |
| d | 2 |
| e | ncip |
| f | 19 |
| g | y-gencatlg |
| 942 ## - ADDED ENTRY ELEMENTS (KOHA) | |
| Source of classification or shelving scheme | Dewey Decimal Classification |
| Koha item type | Open Shelf |
| Withdrawn status | Lost status | Source of classification or shelving scheme | Damaged status | Not for loan | Home library | Current library | Date acquired | Source of acquisition | Inventory number | Total Checkouts | Full call number | Barcode | Date last seen | Price effective from | Koha item type |
|---|---|---|---|---|---|---|---|---|---|---|---|---|---|---|---|
| Dewey Decimal Classification | MUST Main Library | MUST Main Library | 28/06/2024 | purchase | 02/17693 | 333.79096 ENE 1992 | 2024-21587 | 28/06/2024 | 28/06/2024 | Open Shelf |
